000 00603nam a2200205Ia 4500
003 IN-BaIIA
008 211028s9999 xx 000 0 eng d
020 _a0-13-844720-9
040 _cIIA Library
080 _a620.1
_bMOR
100 _aMorrow, H. W.
_913686
245 0 _aStatics and strength of materials
_cH. W. Morrow
260 _aEnglewood Cliffs
_bPrentice-Hall
_c1981
300 _axiv, 514p.
650 _aFluid mechanics
_91513
650 _aMechanical properties
_95370
650 _aNASA thesaurus
650 _aStatics
_913687
942 _cBK
999 _c8130
_d8130